[Event "Tula Region-ch"]
[Site "Tula"]
[Date "2005.08.10"]
[Round "6"]
[White "Kosolapov, Viktor"]
[Black "Tuzinskiy, Denis Vasilievich"]
[Result "0-1"]
[WhiteElo "2224"]
[BlackElo "2134"]
[PlyCount "50"]
[EventDate "2005.08.05"]
[EventType "swiss"]
[EventRounds "9"]
[EventCountry "RUS"]
[SourceTitle "EXT 2006"]
[Source "ChessBase"]
[SourceDate "2005.11.24"]
[SourceVersion "1"]
[SourceVersionDate "2005.11.24"]
[SourceQuality "1"]

1. e4 c5 2. Nc3 d6 3. d3 Nf6 4. h3 g6 5. g3 Bg7 6. Bg2 Nc6 7. Nge2 0-0 8. 0-0 Ne8 9. g4 f5 10. gxf5 gxf5 11. exf5 Bxf5 12. Ng3 Qd7 13. Nxf5 Qxf5 14. Ne4 Nf6 15. Ng3 Qg6 16. Be3 Nd4 17. c3 Nf5 18. Qb3+ Kh8 19. Nxf5 Qxf5 20. Qxb7 Rg8 21. Kh1 Rge8 22. Qa6 Nd5 23. Bd2 Nf4 24. Bxf4 Qxf4 25. Bxa8 Be5 0-1

[Event "Tula Region-ch"]
[Site "Tula"]
[Date "2005.08.05"]
[Round "1"]
[White "Zaitsev, Igor A"]
[Black "Kosolapov, Viktor"]
[Result "0-1"]
[WhiteElo "2410"]
[BlackElo "2224"]
[PlyCount "84"]
[EventDate "2005.08.05"]
[EventType "swiss"]
[EventRounds "9"]
[EventCountry "RUS"]
[SourceTitle "EXT 2006"]
[Source "ChessBase"]
[SourceDate "2005.11.24"]
[SourceVersion "1"]
[SourceVersionDate "2005.11.24"]
[SourceQuality "1"]

1. e4 c5 2. c3 Nf6 3. d3 e5 4. Nf3 Nc6 5. Nbd2 d6 6. g3 Rb8 7. Rb1 b5 8. b4 Be6 9. Qc2 cxb4 10. cxb4 Rc8 11. Qb2 Qc7 12. Bg2 d5 13. 0-0 Bxb4 14. Re1 dxe4 15. dxe4 a6 16. a3 Ba5 17. Re2 Bg4 18. Nb3 Bb6 19. Bg5 Qe7 20. Rc1 h6 21. Bd2 0-0 22. Rxc6 Rxc6 23. Bb4 Qa7 24. Bxf8 Kxf8 25. Qxe5 Re6 26. Qf4 g5 27. Qd2 Rxe4 28. Rxe4 Nxe4 29. Qb4+ Qe7 30. Nfd4 Qxb4 31. axb4 Nd6 32. Nc5 a5 33. Bc6 axb4 34. Ndb3 Bd1 35. Nd7+ Ke7 36. Nxb6 Bxb3 37. Na8 Be6 38. Nc7 b3 39. Nxb5 Nxb5 40. Bxb5 Bf5 41. g4 b2 42. gxf5 b1Q+ 0-1

[Event "RUS-Cup"]
[Site "Tula"]
[Date "2001.??.??"]
[Round "6"]
[White "Sevian, Armen"]
[Black "Kosolapov, Viktor"]
[Result "0-1"]
[WhiteElo "2173"]
[BlackElo "2325"]
[PlyCount "82"]
[EventDate "2001.??.??"]
[EventType "swiss"]
[EventRounds "9"]
[EventCountry "RUS"]
[SourceTitle "EXT 2002"]
[Source "ChessBase"]
[SourceDate "2001.11.25"]
[SourceVersion "1"]
[SourceVersionDate "2001.11.25"]
[SourceQuality "1"]

1. d4 d6 2. c4 e5 3. e4 exd4 4. Qxd4 Nc6 5. Qd1 Nf6 6. Nc3 Be7 7. Be2 0-0 8. Nf3 Re8 9. Nd4 Bd7 10. 0-0 Ne5 11. Bf4 Bf8 12. Bg3 c6 13. h3 Ng6 14. Bf3 Qb6 15. b3 Rad8 16. Qd2 a6 17. Rac1 Ne5 18. Bd1 Bc8 19. Kh1 Ng6 20. Re1 d5 21. cxd5 Bb4 22. Bf3 cxd5 23. e5 Ne4 24. Bxe4 dxe4 25. Rcd1 Rxd4 26. Qxd4 Qxd4 27. Rxd4 Bxc3 28. Rdxe4 Bxe1 29. Rxe1 Be6 30. f4 h5 31. Rf1 h4 32. Be1 Bf5 33. Kh2 Rc8 34. Rf2 Rc2 35. Rxc2 Bxc2 36. g3 hxg3+ 37. Kxg3 Kf8 38. h4 Ke8 39. Bc3 Ne7 40. e6 fxe6 41. Bxg7 Nf5+ 0-1